Consumption Smoothing and Risk Sharing across the Regions (Fiscal Effects Panel Data Approach)
Proces ekonomickej adjustácie regiónov. Faktory adjustácie: flexibilný pracovný trh, deľba fiškálneho rizika a deľba rizika cez kapitálové trhy. Empirické testovanie hypotézy o asymetrickom rozdelení rizika v slovenských regiónoch a následné dopady na spotrebu. Testovanie meraním korelácie rastu HDP...
Na minha lista:
| Autor principal: | |
|---|---|
| Outros Autores: | |
| Formato: | Capítulo de Livro |
| Idioma: | inglês |
| Assuntos: | |
| Tags: |
Sem tags, seja o primeiro a adicionar uma tag!
|
MARC
| LEADER | 00000naa$a2200000$$$4500 | ||
|---|---|---|---|
| 001 | 0190481 | ||
| 005 | 20240502073214.3 | ||
| 041 | 0 | |a eng | |
| 044 | |a SK | ||
| 245 | 1 | 0 | |a Consumption Smoothing and Risk Sharing across the Regions (Fiscal Effects Panel Data Approach) |c Zlatica Ivaničová, Filip Ostrihoň |
| 520 | |a Proces ekonomickej adjustácie regiónov. Faktory adjustácie: flexibilný pracovný trh, deľba fiškálneho rizika a deľba rizika cez kapitálové trhy. Empirické testovanie hypotézy o asymetrickom rozdelení rizika v slovenských regiónoch a následné dopady na spotrebu. Testovanie meraním korelácie rastu HDP a rastu spotreby v regiónoch (NUTS 3). | ||
| 610 | 2 | 0 | |a riziko |
| 610 | 2 | 0 | |a spotreba |
| 610 | 2 | 0 | |a nerovnosť |
| 610 | 2 | 0 | |a Slovensko |
| 610 | 2 | 0 | |a regióny |
| 100 | 1 | |a Ivaničová, Zlatica | |
| 700 | 1 | |a Ostrihoň, Filip | |